000 00442nam a22001697a 4500
003 NUST - PNEC
005 20170116181027.0
008 150917b xxu||||| |||| 00| 0 eng d
020 _a1902916549
040 _cLIBRARY
082 _a621.45 GIP
100 _92019
_aGipe, Paul
245 _aWind power :
_brenewable energy for home, farm, and business
_cPaul Gipe
260 _cc 2004
650 _91996
_aWind Power
_xME
942 _2ddc
_cBK
999 _c67576
_d67576